Planting stock production of Azadirachta Spp. at the Asean-Canada Forest Tree Seed Centre : Handbook

Bibliographic Details
Main Author: KIJKAR
Corporate Author: ASEAN-Canada Forest Tree Seed Centre Project
Format: Book
Published: Saraburi, Thailand : Asean-Canada Forest Tree Seed Centre , 1992
Subjects:

MARC

LEADER 00000cam a2200000 7i4500
001 0000000775
005 20001003.0
020 0 0 |a 9748007014 
090 0 0 |a 634.97325   |b KIJ 1992 
100 1 0 |a KIJKAR   |h Somyos 
245 1 0 |a Planting stock production of Azadirachta Spp. at the Asean-Canada Forest Tree Seed Centre :   |b Handbook   |c Somyos Kijkar 
260 0 0 |a Saraburi, Thailand :   |b Asean-Canada Forest Tree Seed Centre ,   |c 1992 
300 |a 20 p. :   |b ill. ;   |c 25 cm. 
650 0 0 |a Azadirachta   |x Planting 
650 0 0 |a Neem   |x Planting 
710 1 1 |a ASEAN-Canada Forest Tree Seed Centre Project 
999 |a 0000000635   |b Monograph   |c Open Shelf   |e Default branch